Entry Nombre personal
001 - NÚMERO DE CONTROL
- campo de control: 240265
003 - IDENTIFICADOR DE NÚMERO DE CONTROL
- campo de control: SpMaBN
005 - FECHA Y HORA DE LA ÚLTIMA TRANSACCIÓN
- campo de control: 20250508170716.0
008 - ELEMENTOS DE DATO DE LONGITUD-FIJA
- campo de control de longitud fija: 200788nn aijnnaabn a aaa
016 ## - NÚMERO DE CONTROL DE UNA AGENCIA BIBLIOGRÁFICA NACIONAL
- Número de control del registro: BNE19923610235
024 7# - IDENTIFICADOR DE OTROS ESTÁNDARES
- Número estándar o código: http://viaf.org/viaf/87931300/
- Fuente: viaf
040 ## - FUENTE DE CATALOGACIÓN
- Centro catalogador/agencia de origen: SpMaBN
- Lengua de catalogación: spa
- Centro/agencia transcriptor: SpMaBN
- Normas de descripción: rdc
- Convención/Normas de encabezamiento de materia/tesauro: embne
100 1# - ENCABEZAMIENTO-NOMBRE DE PERSONA
- Nombre de persona: Reyna Fernández, Sebastián
372 ## - CAMPO DE ACTIVIDAD
- Campo de actividad: Derecho del Trabajo y de la Seguridad Social
- Fuente de información: (Dialnet)
375 ## - GÉNERO/SEXO
- Género: Masculino
400 1# - TRAZADO DE VÉASE--NOMBRE DE PERSONA
- Nombre de persona: Reyna, Sebastián
670 ## - FUENTE DE DATOS ENCONTRADOS
- Cita de la fuente: Cooperativas y crisis económica, 1985
670 ## - FUENTE DE DATOS ENCONTRADOS
- Cita de la fuente: El turismo rural en el desarrollo local, 1992
- Información encontrada: port. (director, Sebastián Reyna)
